000
00260nam a22001097a 4500
082
_a
100/OSH
100
_a
Osho
_9
18534
245
_a
I AM THAT, Talks on the Isa Upanishad
260
_a
Mumbai
_b
JaicoPublishing House
_c
2018
650
_a
philosophy
942
_c
BK
999
_c
67690
_d
67690